NLSUI OPAC header image

Anthropology in the margins of the state / (Record no. 116142)

MARC details
000 -LEADER
fixed length control field 01315cam a22003494a 4500
001 - CONTROL NUMBER
control field 13416677
003 - CONTROL NUMBER IDENTIFIER
control field OSt
005 - DATE AND TIME OF LATEST TRANSACTION
control field 20200613124416.0
008 - FIXED-LENGTH DATA ELEMENTS--GENERAL INFORMATION
fixed length control field 031125s2004 nmua b 001 0 eng
010 ## - LIBRARY OF CONGRESS CONTROL NUMBER
LC control number 2003026005
020 ## - INTERNATIONAL STANDARD BOOK NUMBER
International Standard Book Number 1930618409 (cl : alk. paper)
020 ## - INTERNATIONAL STANDARD BOOK NUMBER
International Standard Book Number 1930618417 (paper : alk. paper)
040 ## - CATALOGING SOURCE
Original cataloging agency DLC
Transcribing agency DLC
Modifying agency DLC
042 ## - AUTHENTICATION CODE
Authentication code pcc
050 00 - LIBRARY OF CONGRESS CALL NUMBER
Classification number GN492
Item number .A5923 2004
082 00 - DEWEY DECIMAL CLASSIFICATION NUMBER
Classification number 306.2 DAS
Edition number 22
245 00 - TITLE STATEMENT
Title Anthropology in the margins of the state /
Statement of responsibility, etc. edited by Veena Das and Deborah Poole.
250 ## - EDITION STATEMENT
Edition statement 1st ed.
260 ## - PUBLICATION, DISTRIBUTION, ETC.
Place of publication, distribution, etc. Santa Fe, N.M. :
Name of publisher, distributor, etc. School of American Research Press ;
Place of publication, distribution, etc. Oxford [England] :
Name of publisher, distributor, etc. James Currey,
Date of publication, distribution, etc. 2004.
300 ## - PHYSICAL DESCRIPTION
Extent ix, 330 p. :
Other physical details ill. ;
Dimensions 23 cm.
440 #0 - SERIES STATEMENT/ADDED ENTRY--TITLE
Title School of American Research advanced seminar series
504 ## - BIBLIOGRAPHY, ETC. NOTE
Bibliography, etc. note Includes bibliographical references (p. 289-320) and index.
650 #0 - SUBJECT ADDED ENTRY--TOPICAL TERM
Topical term or geographic name entry element Political anthropology.
650 #0 - SUBJECT ADDED ENTRY--TOPICAL TERM
Topical term or geographic name entry element State, The.
650 #0 - SUBJECT ADDED ENTRY--TOPICAL TERM
Topical term or geographic name entry element Marginality, Social.
700 1# - ADDED ENTRY--PERSONAL NAME
Personal name Das, Veena.
700 1# - ADDED ENTRY--PERSONAL NAME
Personal name Poole, Deborah.
856 41 - ELECTRONIC LOCATION AND ACCESS
Materials specified Table of contents
Uniform Resource Identifier <a href="http://www.loc.gov/catdir/toc/ecip0411/2003026005.html">http://www.loc.gov/catdir/toc/ecip0411/2003026005.html</a>
906 ## - LOCAL DATA ELEMENT F, LDF (RLIN)
a 7
b cbc
c orignew
d 1
e ecip
f 20
g y-gencatlg
942 ## - ADDED ENTRY ELEMENTS (KOHA)
Source of classification or shelving scheme Dewey Decimal Classification
Koha item type CSSEIP Office Library Collection
Holdings
Withdrawn status Lost status Source of classification or shelving scheme Materials specified (bound volume or other part) Damaged status Not for loan Home library Current library Shelving location Date acquired Total Checkouts Full call number Barcode Date last seen Price effective from Koha item type Public note
    Dewey Decimal Classification HB     . . CSSEIP Office Library - Ambedkar Studies Books 13.06.2020   306.2 DAS AMB029 13.06.2020 13.06.2020 CSSEIP Office Library Collection Available in CSSEIP Department Library